000 00479nam a2200193Ia 4500
003 GCL
008 140319s9999 xx 000 0 eng d
040 _aGCL /
_cGCL
082 0 4 _a823
_bD T
100 1 _aDEAN, ANGELA
245 1 0 _aTILL THE CORN GROWS BROWN /
_cDEAN, ANGELA
260 _a[S.N] :
_bGEOFFREY BLES ،
_c1992
300 _a192 P
650 0 4 _aENGLISH LITERATURE
650 0 4 _aLITERATURE
650 0 4 _aENGLISH FICTION
650 0 4 _aFICTION
942 _2ddc
_cBK
999 _c15311
_d15311